Týmová dynamika : vedení a koučování týmů

Saved in:
Bibliographic Details
Main Author Mohauptová, Eva (Author)
Format Book
LanguageCzech
Published Praha : Portál, 2026
EditionVydání první
Subjects
ISBN978-80-262-2388-7
Physical Description230 stran : ilustrace ; 21 cm

Cover

LEADER 00000nam a2200000 i 4500
001 115590
003 CZ ZlUTB
005 20260505134834.0
007 ta
008 260115s2026 xr a f 000 0 cze
015 |a cnb003736210 
020 |a 978-80-262-2388-7  |q (brožováno) 
040 |a ABA001  |b cze  |d BOA001  |e rda 
072 7 |a 005  |x Management. Řízení  |2 Konspekt  |9 4 
080 |a 316.35  |2 MRF 
080 |a 316.454.3  |2 MRF 
080 |a 316.66  |2 MRF 
080 |a 005.551  |2 MRF 
080 |a 005.572  |2 MRF 
080 |a 005  |2 MRF 
080 |a (048.8)  |2 MRF 
100 1 |a Mohauptová, Eva  |7 mzk2005300957  |4 aut 
245 1 0 |a Týmová dynamika :  |b vedení a koučování týmů /  |c Eva Mohauptová 
250 |a Vydání první 
264 1 |a Praha :  |b Portál,  |c 2026 
300 |a 230 stran :  |b ilustrace ;  |c 21 cm 
336 |a text  |b txt  |2 rdacontent 
337 |a bez média  |b n  |2 rdamedia 
338 |a svazek  |b nc  |2 rdacarrier 
504 |a Obsahuje bibliografické odkazy 
650 0 7 |a společenství  |7 ph694872  |2 czenas 
650 0 7 |a skupinové chování  |7 ph162001  |2 czenas 
650 0 7 |a sociální identita  |7 ph210140  |2 czenas 
650 0 7 |a týmová práce  |7 ph136568  |2 czenas 
650 0 7 |a koučování  |7 ph335997  |2 czenas 
650 0 7 |a management  |7 ph115217  |2 czenas 
650 0 9 |a commune  |2 eczenas 
650 0 9 |a group behavior  |2 eczenas 
650 0 9 |a social identity  |2 eczenas 
650 0 9 |a team work  |2 eczenas 
650 0 9 |a personal coaching  |2 eczenas 
650 0 9 |a management  |2 eczenas 
655 7 |a monografie  |7 fd132842  |2 czenas 
655 9 |a monographs  |2 eczenas 
710 2 |a Portál (nakladatelství)  |7 ko2003199531  |4 pbl 
910 |a ZLD002 
942 |2 udc 
952 |0 0  |1 0  |4 0  |6 005MOHAUPTOVÁE  |7 0  |8 BOOK  |9 191006  |a UTBZL  |b UTBZL  |c 005  |d 2026-05-05  |l 0  |o 005/MOHAUPTOVÁ,E.  |p 420010201906  |r 2026-05-05 13:49:23  |v 379.00  |w 2026-05-05  |x N:nákup  |y 01 
952 |0 0  |1 0  |4 0  |6 005MOHAUPTOVÁE  |7 0  |8 BOOK  |9 191007  |a UTBZL  |b UTBZL  |c 006  |d 2026-05-05  |l 0  |o 005/MOHAUPTOVÁ,E.  |p 420010201905  |r 2026-05-05 13:49:54  |v 379.00  |w 2026-05-05  |x N:nákup  |y 04 
992 |a BK  |b SKNEW 
999 |c 115590  |d 115590